Tratado de las campañas y otros acontecimientos de los ejércitos del Emperador Carlos V en Italia, Francia, Austria, Berbería y Grecia, desde 1521 hasta 1545 / (Record no. 181589)

MARC details
000 -LEADER
campo de control de longitud fija 01275nam a2200265 i 4500
001 - NÚMERO DE CONTROL
campo de control 181589
003 - IDENTIFICADOR DE NÚMERO DE CONTROL
campo de control ES-MaACL
005 - FECHA Y HORA DE LA ÚLTIMA TRANSACCIÓN
campo de control 20250824085053.0
008 - DATOS DE LONGITUD FIJA--INFORMACIÓN GENERAL
campo de control de longitud fija 130221m18731876sp |||| | spa
080 ## - NÚMERO DE LA CLASIFICACIÓN DECIMAL UNIVERSAL
Número de la Clasificación Decimal Universal 355.48(460)"1516/56"
080 ## - NÚMERO DE LA CLASIFICACIÓN DECIMAL UNIVERSAL
Número de la Clasificación Decimal Universal 94(460)"1516/56"
100 1# - ENTRADA PRINCIPAL--NOMBRE DE PERSONA
Nombre de persona García Cerezeda, Martín.
9 (RLIN) 152320
245 10 - MENCIÓN DEL TÍTULO
Título Tratado de las campañas y otros acontecimientos de los ejércitos del Emperador Carlos V en Italia, Francia, Austria, Berbería y Grecia, desde 1521 hasta 1545 /
Mención de responsabilidad, etc. por Martín García Cerezeda ; publícalo la Sociedad de Bibliófilos Españoles.
260 ## - PUBLICACIÓN, DISTRIBUCIÓN, ETC.
Lugar de publicación, distribución, etc. Madrid :
Nombre del editor, distribuidor, etc. Sociedad de Bibliófilos Españoles,
Fecha de publicación, distribución, etc. 1873-1876 (
Fabricante Imp., Esterotipia y Galvanoplastia de Aribau y Cª (Suc. de Rivadeneyra)
300 ## - DESCRIPCIÓN FÍSICA
Extensión 3 v. :
Otras características físicas il. ;
Dimensiones 23 cm.
490 1# - MENCIÓN DE SERIE
Mención de serie Sociedad de Bibliófilos Españoles ;
Designación de volumen o secuencia 12
530 ## - NOTA DISPONIBLE DE FORMULARIO FÍSICO ADICIONAL
Nota de formato físico adicional disponible Disponible en formato digital.
651 #4 - PUNTO DE ACCESO ADICIONAL DE MATERIA--NOMBRE GEOGRÁFICO
Nombre geográfico España-
Subdivisión general Historia militar-
Subdivisión cronológica 1516-1700.
9 (RLIN) 157091
651 #4 - PUNTO DE ACCESO ADICIONAL DE MATERIA--NOMBRE GEOGRÁFICO
Nombre geográfico España-
Subdivisión general Historia-
Subdivisión cronológica 1516-1556, Carlos I.
9 (RLIN) 8224
710 2# - ENTRADA AGREGADA--NOMBRE DE ENTIDAD CORPORATIVA
Nombre de entidad corporativa o nombre de jurisdicción como elemento de entrada Sociedad de Bibliófilos Españoles.
9 (RLIN) 6661
830 10 - PUNTO DE ACCESO ADICIONAL DE SERIE-TÍTULO UNIFORME
Título uniforme Sociedad de Bibliófilos Españoles
Designación de volumen o secuencia 12
9 (RLIN) 187662
852 ## - LOCALIZACIÓN
Ubicación ES-MaACL
Número de control de estantería J-7(12)
856 ## - LOCALIZACIÓN Y ACCESO ELECTRÓNICOS
Identificador Uniforme de Recursos <a href="http://bdh-rd.bne.es/viewer.vm?id=0000044492&page=1 ">http://bdh-rd.bne.es/viewer.vm?id=0000044492&page=1 </a>
Nota pública Biblioteca Digital Hispánica
Holdings
Estatus retirado Estado de pérdida Estado de daño No para préstamo Colección Biblioteca de origen Biblioteca actual Ubicación en estantería Fecha de adquisición Fuente de adquisición Total de préstamos Signatura topográfica completa Código de barras Visto por última vez Precio de reemplazo Tipo de ítem Koha
        Colección digital Biblioteca del Ateneo de Madrid Biblioteca del Ateneo de Madrid Depósito 2 21/02/2013     J-7(12) 1190833 23/02/2023 23/02/2023 Libro impreso antiguo